Petersburger Briefe
| Titel: | Petersburger Briefe : an drei Zarenhöfen 1835-1836, 1857-1862, 1886 / Karl von Schlözer, Kurd-Karl von Schlözer. Hrsg. von Hans Rothe |
|---|---|
| Verfasser: | ; ; |
| Beteiligt: | |
| Veröffentlicht: | München : Langen Müller, 1997 |
| Umfang: | 176 Seiten |
| Format: | Buch |
| Sprache: | Deutsch |
| Schriftenreihe/ mehrbändiges Werk: |
Deutsche Bibliothek des Ostens |
| RVK-Notation: | |
| ISBN: | 3784426808 |
| Hinweise zum Inhalt: |
Inhaltsverzeichnis
Cover Abstract |
| Lokale Klassifikation: | 63 7 J |
|---|
alg: 5518717 001A $03004:05-01-98 001B $06000:04-12-25 $t23:56:42.000 001D $09999:99-99-99 001U $0utf8 001X $00 002@ $0Aau 002C $aText $btxt $2rdacontent 002D $aohne Hilfsmittel zu benutzen $bn $2rdamedia 002E $aBand $bnc $2rdacarrier 003@ $005518717X 003O $040374967 $aOCoLC 004A $03-7844-2680-8 006G $0952404206 006U $098,A13,1577 007A $005518717X $aHEB 007G $0DE020C1FC10DD2B5EF165C1258B000034AA3B 007I $0thf168296 009P $qapplication/pdf $A2 $3Inhaltsverzeichnis $uhttp://scans.hebis.de/HEBCGI/show.pl?05518717_toc.pdf $mV:DE-603;B:DE-Mb50 009P $qapplication/pdf $A2 $3Cover $uhttp://scans.hebis.de/HEBCGI/show.pl?05518717_cov.pdf $mV:DE-603;B:DE-Mb50 009P $qapplication/pdf $A2 $3Abstract $uhttp://scans.hebis.de/HEBCGI/show.pl?05518717_sum.pdf $mV:DE-603;B:DE-Mb50 010@ $ager 011@ $a1997 013D $RQuelle $RBericht $RTagebuch $#Personal narratives $#Récits personnels $#Relatos personales $#Erfahrungsbericht $#Augenzeugenbericht Formschlagwort $#Eindrücke Formschlagwort $#Erlebnisgeschichte $#Reportage Formschlagwort $#Erfahrungsbericht $#Persönlicher Bericht $74133254-4 $8Erlebnisbericht [Ts1] $9085482919 013D $RQuelle $#Korrespondenz Briefsammlung $#Briefwechsel Briefsammlung $#Briefsammlungen $74146609-3 $8Briefsammlung [Ts1] $9085588547 $y1835-1886 021A $aPetersburger Briefe $dan drei Zarenhöfen 1835-1836, 1857-1862, 1886 $hKarl von Schlözer, Kurd-Karl von Schlözer. Hrsg. von Hans Rothe 028A $BVerfasser $#Schlözer, Carl von $#Schlözer, Karl J. Nestor von $#Schloezer, Karl von $4aut $7119558823 $8Schlözer, Karl$cvon$Z1780-1859 [Tp1] $9087898322 028C $BVerfasser $#Schloezer, Kurd $#Schlözer, Kurt von $#Schlözer, Curd von $#Schlözer, Konrad $#Schlözer, Conrad $#Schloezer, Kurt von $#Schlözer, Kurd $#Schlözer, Kurd de $#Schlözer, Conrad Nestor von $4aut $7118795147 $8Schlözer, Kurd$cvon$Z1822-1894 [Tp1] $9087135744 028C $BVerfasser $#Eber Hart $#Hart, Eber $#Schlözer, Karl F. E. $#Schlözer, Karl Friedrich Eberhard von $#Schlözer, Kurt von $#Schlözer, Karl Franz von $4aut $7119558831 $8Schlözer, Karl$cvon$Z1854-1916 [Tp1] $9087898330 028C $BHerausgeber $#Rothe, Hans, 1928- $#Rothe, Hans Karl Heinrich $#Rothe, H. $#Rote, G. $4edt $7119207125 $8Rothe, Hans$Z1928-2021 [Tp1] $9087547104 033A $pMünchen $nLangen Müller 034D $a176 Seiten 036G $aDeutsche Bibliothek des Ostens 044K $qDNB $#Schlözer, Carl von $#Schlözer, Karl J. Nestor von $#Schloezer, Karl von $7119558823 $8Schlözer, Karl$cvon$Z1780-1859 [Tp1] $9087898322 044K $qDNB $RPetrograd $RLeningrad $#Sankt Petersburg $#Санкт-Петербург $#Leningrad $#Petrograd $#Sankt Piterburch $#Pietari $#Saint-Pétersbourg $#St. Pétersbourg $#San Pietroburgo $#ShengBidebao $#Sankuto-Peteruburugu $#Piter $#Sint-Petersburg $#São Petersburgo $#Peterburg $#Peterburi $#Petropolis Sankt Petersburg $#SPB $#St. Petersburg $#Sankt Peterburg $#Petersburg $#Sankt-Peterburg $#Saint Pétersbourg $#Saint Petersburg $#S.-Peterburg $#Sanktpeterburg $#St. Petersburgh $74267026-3 $8Sankt Petersburg [Tg1] $9086427121 044K $qDNB $RHöfische Kultur $#Courts and courtiers $#Cour et courtisans $#Fürstenhof $#Höfische Gesellschaft $#Hofgesellschaft $#Hofleben Hof $#Hofhaltung $#Höfisches Leben $74025453-7 $8Hof [Ts1] $9085063347 044K $qDNB $#Schloezer, Kurd $#Schlözer, Kurt von $#Schlözer, Curd von $#Schlözer, Konrad $#Schlözer, Conrad $#Schloezer, Kurt von $#Schlözer, Kurd $#Schlözer, Kurd de $#Schlözer, Conrad Nestor von $7118795147 $8Schlözer, Kurd$cvon$Z1822-1894 [Tp1] $9087135744 044K $qDNB $#Eber Hart $#Hart, Eber $#Schlözer, Karl F. E. $#Schlözer, Karl Friedrich Eberhard von $#Schlözer, Kurt von $#Schlözer, Karl Franz von $7119558831 $8Schlözer, Karl$cvon$Z1854-1916 [Tp1] $9087898330 044K $RDeutsches Reich $RHerzogtum Preußen $#Preußen $#Preußen $#Brandenburg-Preußen $#Königreich Preußen $#Preußische Staaten $#Preußischer Staat $#Der @Preußische Staat $#Königlich Preußische Staaten $#Prusy Królewskie $#Königlich Preußen $#Prussia $74047194-9 $8Preußen [Tg1] $9085131652 044K $RRussische SFSR $#Russland $#Russland $#Russische Föderation $#Rußland (vor 1917) $#Россия $#Rußland $#Krievija $#Federazione Russa $#RF $#Großrussland $#Großrußland $#Russia -1917; 1992- $#Rossijskaja Imperija $#Russie $#Empire de Russie $#Russian Federation $#Federacja Rosyjska $#Rosja $#Rossija $#Rossijskaja Federacija $#Russische Föderation $#RF Rossija $#Russia $#Russland -1917 ; 1992- $#Russisches Reich $#РФ $#Российская Федерация $#Российская Империя $74076899-5 $8Russland [Tgz] $9085217913 044K $RPolitik $RSicherheitspolitik $RInternationale Politik $RDiplomatie $#International relations $#Relations internationales $#Auswärtige Angelegenheiten $#Auswärtige Politik $#Außenbeziehungen Außenpolitik $74003846-4 $8Außenpolitik [Ts1] $9085002038 045E $a63 045F $a900.9430709034 $eDDC23BSB 045F/01 $a900 045F/03 $f09034 045F/03 $g4307 045F/03 $g471 045R $aGeschichte 1835-1886 045Z $8NP 5995 [Tkv] $9410909343 lok: 5518717 24 101B $005-12-02 $t16:41:35.719 101C $005-01-98 145Z/01 $a63 7 J 101U $0utf8 exp: 5518717 24 1 #EPN 201B/01 $031-07-06 $t16:18:04.000 201C/01 $005-01-98 203@/01 $0117472700 208@/01 $a05-01-98 $bz 209A/01 $a97.4764 $du $f050 $h97 4764 $x00 209C/01 $a97.4764 G $h97 4764 G 209G/01 $a71522822 $x00 247C/01 $8358050-7Marburg, Bibliothek des Herder-Instituts Marburg $9102600961 201U/01 $0utf8 exp: 5518717 24 2 #EPN 201B/02 $009-04-24 $t12:48:55.000 201C/02 $005-04-24 201U/02 $0utf8 203@/02 $01260376575 208@/02 $a08-04-24 $bz 209A/02 $a24.01679 $du $f050 $h24 01679 $x00 209C/02 $a24.01679 G $h24 01679 G 209G/02 $a74883702 $x00 220C/02 $ahae 220D/02 $aWidmung d. Herausgebers Hans Rothe an Gerhard Giesemann 244Z/02 $aWidmung $x99 247C/02 $8358050-7 Marburg, Bibliothek des Herder-Instituts Marburg $9102600961 lok: 5518717 76 101B $009-12-14 $t20:29:22.000 101U $0utf8 144Z/01 $aSchlözer, Karl von (Diplomat, 1780-1859) 144Z/02 $aSankt Petersburg 144Z/03 $aHof 144Z/04 $aGeschichte 1835-1836 144Z/05 $aErlebnisbericht 144Z/06 $aSchlözer, Kurd von 144Z/07 $aGeschichte 1857-1862 144Z/08 $aSchlözer, Karl von (Diplomat, 1854-1916) 144Z/09 $aGeschichte 1886 exp: 5518717 76 1 #EPN 201B/01 $009-12-14 $t20:29:22.000 201U/01 $0utf8 203@/01 $074541074X 208@/01 $a03-12-14 $br 209A/01 $a2008:1785 $du $f000 $h2008 1785 $x00 209C/01 $a2008:1785 $h2008 1785 209G/01 $aFUL2$0291453 $x00 209G/01 $aMagazin $x01 245S/01 $aGesch $x01 247C/01 $8648002-0 Fulda, Bibliothek des Bischöflichen Priesterseminars $9320103366 lok: 5518717 204 exp: 5518717 204 1 #EPN 201B/01 $003-09-08 $t16:21:58.000 201C/01 $011-07-02 201U/01 $0utf8 203@/01 $0172767261 208@/01 $a22-07-02 $bz 209A/01 $aFH his Jo 2.523 $du $f000 $hFH HIS JO 2 523 $x00 209A/01 $a32.019.11 $h32 019 11 $x09 209G/01 $a32019110 $x00 245S/01 $a10000 $x01 247C/01 $8631000-x <26>Gießen, Universität Gießen, Universitätsbibliothek Gießen $9102596697
| LEADER | 00000cam a2200000 c 4500 | ||
|---|---|---|---|
| 001 | 05518717X | ||
| 003 | DE-603 | ||
| 005 | 20251204235642.0 | ||
| 007 | tu | ||
| 008 | 980105s1997 xx |||| | u00||u|ger | ||
| 015 | |a 98,A13,1577 |2 dnb | ||
| 016 | 7 | |2 DE-101 |a 952404206 | |
| 020 | |a 3784426808 | ||
| 035 | |a (DE-599)HEB05518717X | ||
| 035 | |a (OCoLC)40374967 | ||
| 040 | |a DE-603 |b ger |c DE-603 |d DE-603 | ||
| 041 | |a ger | ||
| 082 | 0 | 4 | |8 1\u |a 900.9430709034 |q DE-101 |2 23/BSB |
| 084 | |a 63 |q DE-101 |2 sdnb | ||
| 084 | |a NP 5995 |0 (DE-625)127963: |0 (DE-603)410909343 |2 rvk | ||
| 085 | |8 1\u |b 900 | ||
| 085 | |8 1\u |z 1 |s 09034 | ||
| 085 | |8 1\u |z 2 |s 4307 | ||
| 085 | |8 1\u |z 2 |s 471 | ||
| 100 | 1 | |a Schlözer, Karl von |d 1780-1859 |e Verfasser |4 aut |0 (DE-603)087898322 |0 (DE-588)119558823 |2 gnd | |
| 245 | 0 | 0 | |a Petersburger Briefe |b an drei Zarenhöfen 1835-1836, 1857-1862, 1886 |c Karl von Schlözer, Kurd-Karl von Schlözer. Hrsg. von Hans Rothe |
| 264 | 1 | |a München |b Langen Müller |c 1997 | |
| 300 | |a 176 Seiten | ||
| 336 | |a Text |b txt |2 rdacontent | ||
| 337 | |a ohne Hilfsmittel zu benutzen |b n |2 rdamedia | ||
| 338 | |a Band |b nc |2 rdacarrier | ||
| 490 | 0 | |a Deutsche Bibliothek des Ostens | |
| 600 | 1 | 7 | |a Schlözer, Karl von |d 1780-1859 |0 (DE-588)119558823 |0 (DE-603)087898322 |2 gnd |
| 600 | 1 | 7 | |a Schlözer, Kurd von |d 1822-1894 |0 (DE-588)118795147 |0 (DE-603)087135744 |2 gnd |
| 600 | 1 | 7 | |a Schlözer, Karl von |d 1854-1916 |0 (DE-588)119558831 |0 (DE-603)087898330 |2 gnd |
| 648 | 7 | |a Geschichte 1835-1886 |2 gnd | |
| 650 | 7 | |a Hof |0 (DE-588)4025453-7 |0 (DE-603)085063347 |2 gnd | |
| 650 | 7 | |a Außenpolitik |0 (DE-588)4003846-4 |0 (DE-603)085002038 |2 gnd | |
| 651 | 7 | |a Sankt Petersburg |0 (DE-588)4267026-3 |0 (DE-603)086427121 |2 gnd | |
| 651 | 7 | |a Preußen |0 (DE-588)4047194-9 |0 (DE-603)085131652 |2 gnd | |
| 651 | 7 | |a Russland |0 (DE-588)4076899-5 |0 (DE-603)085217913 |2 gnd | |
| 655 | 7 | |a Erlebnisbericht |2 gnd-content |0 (DE-588)4133254-4 |0 (DE-603)085482919 | |
| 655 | 7 | |a Briefsammlung |y 1835-1886 |2 gnd-content |0 (DE-588)4146609-3 |0 (DE-603)085588547 | |
| 700 | 1 | |a Schlözer, Kurd von |d 1822-1894 |e Verfasser |4 aut |0 (DE-603)087135744 |0 (DE-588)118795147 |2 gnd | |
| 700 | 1 | |a Schlözer, Karl von |d 1854-1916 |e Verfasser |4 aut |0 (DE-603)087898330 |0 (DE-588)119558831 |2 gnd | |
| 700 | 1 | |a Rothe, Hans |d 1928-2021 |e Herausgeber |4 edt |0 (DE-603)087547104 |0 (DE-588)119207125 |2 gnd | |
| 856 | 4 | 2 | |m V:DE-603;B:DE-Mb50 |q application/pdf |u http://scans.hebis.de/HEBCGI/show.pl?05518717_toc.pdf |3 Inhaltsverzeichnis |
| 856 | 4 | 2 | |m V:DE-603;B:DE-Mb50 |q application/pdf |u http://scans.hebis.de/HEBCGI/show.pl?05518717_cov.pdf |3 Cover |
| 856 | 4 | 2 | |m V:DE-603;B:DE-Mb50 |q application/pdf |u http://scans.hebis.de/HEBCGI/show.pl?05518717_sum.pdf |3 Abstract |
| 924 | 0 | |9 Mb 50 |a (DE-603)117472700 |b DE-Mb50 |c HES |d c |g 97.4764 | |
| 924 | 0 | |9 Mb 50 |a (DE-603)1260376575 |b DE-Mb50 |c HES |d c |g 24.01679 | |
| 924 | 0 | |9 Ful 2 |a (DE-603)74541074X |b DE-Ful2 |c HES |d d |g 2008:1785 | |
| 924 | 0 | |9 26 |a (DE-603)172767261 |b DE-26 |c HES |d c |g FH his Jo 2.523 |i 32.019.11 | |


